Desert biology: (Record no. 31454)

MARC details
000 -LEADER
fixed length control field 00525nam a22001577a 4500
008 - FIXED-LENGTH DATA ELEMENTS--GENERAL INFORMATION
fixed length control field 230517b |||||||| |||| 00| 0 eng d
040 ## - CATALOGING SOURCE
Original cataloging agency National Science Library
Transcribing agency National Science Library
080 ## - UNIVERSAL DECIMAL CLASSIFICATION NUMBER
Universal Decimal Classification number 574(252)
Item number K8.2
245 ## - TITLE STATEMENT
Title Desert biology:
Remainder of title Special topics on the physical and biological aspects of arid regions
Statement of responsibility, etc. / Academic Press, Vol. I
260 ## - PUBLICATION, DISTRIBUTION, ETC.
Place of publication, distribution, etc. New York:
Name of publisher, distributor, etc. Academic Press,
Date of publication, distribution, etc. 1968
300 ## - PHYSICAL DESCRIPTION
Extent xvii, 635p.
650 ## - SUBJECT ADDED ENTRY--TOPICAL TERM
Topical term or geographic name entry element Biology
653 ## - INDEX TERM--UNCONTROLLED
Uncontrolled term Desert
700 ## - ADDED ENTRY--PERSONAL NAME
Personal name Brown, G W (Ed.)
942 ## - ADDED ENTRY ELEMENTS (KOHA)
Source of classification or shelving scheme Universal Decimal Classification
Koha item type Books
Holdings
Withdrawn status Lost status Source of classification or shelving scheme Damaged status Not for loan Home library Current library Shelving location Date acquired Total Checkouts Full call number Barcode Date last seen Price effective from Koha item type
    Universal Decimal Classification     National Science Library National Science Library GF/Rk-10/C-8/R-1 02/07/2004   574(252) K8.2 185769 17/05/2023 02/07/2004 Books